000 00747nam a22002292 4500
001 0000020394
005 20151217152213.0
008 110916s xx 000 0 eng d
020 _a1-401814050 :
040 _aKABU
_cKABU
100 1 _aKelly-Heidenthal, Patricia.
_@0000180636
245 1 0 _aDelegation of nursing care /
_cPatricia Kelly-Heidenthal, Maureen T. Marthaler.
250 _a1st ed.
260 _aNew York :
_bThomson,
_c2005.
300 _axxi, 167 p.
650 0 _aNursing services
_xPersonnel management.
_@0000180637
650 0 _aNursing
_xAdministration.
_@0000180638
700 1 _aMarthaler, Maureen T.
_@0000180639
852 1 _9p3500 KES
908 _a110916
950 _@1
999 _c9307
_d9307